| Tag |
First Indicator |
Second Indicator |
Subfields |
| LEADER |
00000cam a22000004a 4500 |
| 001 |
in00002408430 |
| 005 |
20151109102711.0 |
| 008 |
071121s2008 ii a b 001 0 eng |
| 010 |
|
|
|a 2007046905
|
| 019 |
|
|
|a 223808698
|
| 020 |
|
|
|a 9780761936077 (hardback)
|
| 020 |
|
|
|a 0761936076 (hardback)
|
| 029 |
1 |
|
|a NLGGC
|b 306198282
|
| 035 |
|
|
|a (OCoLC)ocn182552908
|
| 035 |
|
|
|a (OCoLC)182552908
|z (OCoLC)223808698
|
| 040 |
|
|
|a DLC
|c DLC
|d BTCTA
|d BAKER
|d YDXCP
|d UtOrBLW
|
| 043 |
|
|
|a a-ii---
|
| 049 |
|
|
|a TXAM
|
| 050 |
0 |
0 |
|a HD1698.I4
|b G68 2008
|
| 082 |
0 |
0 |
|a 333.9100954
|2 22
|
| 245 |
0 |
0 |
|a Governance of water :
|b institutional alternatives and political economy /
|c edited by Vishwa Ballabh.
|
| 264 |
|
1 |
|a New Delhi ;
|a Thousand Oaks, Calif. :
|b SAGE Publications,
|c [2008]
|
| 264 |
|
4 |
|c ©2008
|
| 300 |
|
|
|a xiv, 386 pages :
|b illustrations ;
|c 25 cm.
|
| 336 |
|
|
|a text
|b txt
|2 rdacontent
|
| 337 |
|
|
|a unmediated
|b n
|2 rdamedia
|
| 338 |
|
|
|a volume
|b nc
|2 rdacarrier
|
| 504 |
|
|
|a Includes bibliographical references and index.
|
| 650 |
|
0 |
|a Water-supply
|x Government policy
|z India.
|
| 650 |
|
0 |
|a Water resources development
|z India.
|
| 650 |
|
0 |
|a Water-supply
|x Rates
|z India.
|
| 650 |
|
0 |
|a Groundwater
|x Economic aspects
|z India.
|
| 700 |
1 |
|
|a Ballabh, Vishwa,
|d 1957-
|
| 938 |
|
|
|a Baker and Taylor
|b BTCP
|n BK0007740134
|
| 938 |
|
|
|a YBP Library Services
|b YANK
|n 2837967
|
| 938 |
|
|
|a Baker & Taylor
|b BKTY
|c 69.95
|d 69.95
|i 0761936076
|n 0007740134
|s active
|
| 945 |
|
|
|a PromptCat
|b 493964
|
| 946 |
|
|
|a stk
|
| 947 |
|
|
|a A14836742996
|
| 994 |
|
|
|a 92
|b TXA
|
| 948 |
|
|
|a cataloged
|b h
|d 2008/9/5
|h c
|e asalazar
|f 2:41:36 pm
|
| 999 |
|
|
|a MARS
|
| 999 |
f |
f |
|s 62cf0281-8392-32fa-9727-25c80d210646
|i 1ceac3bf-f3f0-3bd1-9717-fe626f95bf6d
|t 0
|
| 952 |
f |
f |
|p ric
|a Texas A&M University
|b Rellis Campus
|c Joint Library Facility
|d Remote Storage
|t 0
|e HD1698.I4 G68 2008
|h Library of Congress classification
|i unmediated -- volume
|m A14836742996
|
| 998 |
f |
f |
|a HD1698.I4 G68 2008
|t 0
|l Remote Storage
|